Diccionario de artistas plásticos en la Argentina. (Registro nro. 349)

000 -CABECERA
campo de control de longitud fija 00664nam a2200301Ia 4500
001 - NÚMERO DE CONTROL
campo de control 550
003 - IDENTIFICADOR DEL NÚMERO DE CONTROL
campo de control XXX
005 - FECHA Y HORA DE LA ÚLTIMA TRANSACCIÓN
campo de control 20191127135423.0
008 - DATOS DE LONGITUD FIJA--INFORMACIÓN GENERAL
campo de control de longitud fija 191123s9999 xx 000 0 und d
040 ## - FUENTE DE LA CATALOGACIÓN
Centro/agencia transcriptor XXX
041 ## - CÓDIGO DE LENGUA
Código de lengua del texto/banda sonora o título independiente spa
044 ## - CÓDIGO DEL PAÍS DE LA ENTIDAD EDITORA/PRODUCTORA
Código MARC del país ag
100 ## - ENTRADA PRINCIPAL--NOMBRE DE PERSONA
Nombre de persona Gesualdo, Vicente
245 ## - MENCIÓN DE TÍTULO
Título Diccionario de artistas plásticos en la Argentina.
260 ## - PUBLICACIÓN, DISTRIBUCIÓN, ETC.
Lugar de publicación, distribución, etc. Buenos Aires :
Nombre del editor, distribuidor, etc. Inca,
Fecha de publicación, distribución, etc. 1988.
300 ## - DESCRIPCIÓN FÍSICA
Extensión 2 v.
650 ## - PUNTO DE ACCESO ADICIONAL DE MATERIA--TÉRMINO DE MATERIA
Término de materia o nombre geográfico como elemento de entrada ARGENTINA
650 ## - PUNTO DE ACCESO ADICIONAL DE MATERIA--TÉRMINO DE MATERIA
Término de materia o nombre geográfico como elemento de entrada BIOGRAFIAS
650 ## - PUNTO DE ACCESO ADICIONAL DE MATERIA--TÉRMINO DE MATERIA
Término de materia o nombre geográfico como elemento de entrada DICCIONARIOS
700 ## - PUNTO DE ACCESO ADICIONAL--NOMBRE DE PERSONA
Nombre de persona Biglione, Aldo
700 ## - PUNTO DE ACCESO ADICIONAL--NOMBRE DE PERSONA
Nombre de persona Santos, Rodolfo,
902 ## - ELEMENTOS DE DATOS B LOCAL, LDB (RLIN)
a M
903 ## - ELEMENTOS DE DATOS C LOCAL, LDC (RLIN)
a c
904 ## - ELEMENTOS DE DATOS D LOCAL, LDD (RLIN)
a c
907 ## - ELEMENTOS DE DATOS G LOCAL, LDG (RLIN)
a Impreso
942 ## - ELEMENTOS DE PUNTO DE ACCESO ADICIONAL (KOHA)
Tipo de ítem Koha Libro
Fuente del sistema de clasificación o colocación
Existencias
Estado de retiro Estado de pérdida Estado dañado No para préstamo Localización permanente Ubicación/localización actual Fecha de adquisición Signatura topográfica completa Código de barras Fecha visto por última vez Precio válido a partir de Tipo de ítem Koha
        Biblioteca Horacio Butler Biblioteca Horacio Butler 2019-11-23 B - 7 4158 2019-11-23 2019-11-23 Colección
        Biblioteca Horacio Butler Biblioteca Horacio Butler 2019-11-23 B - 7 4159 2019-11-23 2019-11-23 Colección

Con tecnología Koha